000 01296cam a2200277 4500
008 040119n2003 000 0 eng u
020 _a1841801178
035 _a(Sirsi) u124869
041 _aeng
050 _a711.52
_c18
100 _aMinton, A.
245 _aNorthern soul
_bculture, creativity and quality of place in Newcastle and Gateshead
260 _aLondon
_bRICS
_c2003
350 _a10
520 _aAttempts to explain what creates a buzz in a city like Newcastle and how it can be retained, without overheating or losing momentum. Newcastle is a city that has managed to survive the loss of its tradition industries, particularly the coal industry, to remain a thriving and bustling metropolis. The core argument is that the buzz comes from the spirit or soul of a place. It is this indefinable x-factor which gives a city its character and makes it a special place to live in or visit.
650 _aNEWCASTLE
650 _aGATESHEAD
650 _aURBAN REGENERATION
650 _aCITIES
650 _aQUALITY OF LIFE
690 _aREGENERATION
710 _aRoyal Institution of Chartered Surveyors
_94900
710 _aDemos
_94582
856 _uhttps://www.rics.org/Global/Downloads/NorthernSoul2003.pdf
_zView the report on the RICS website...
942 _n0
999 _c103302
_d103302